| 000 | 00763nam a22002177a 4500 | ||
|---|---|---|---|
| 999 |
_c1195 _d1195 |
||
| 001 | 1195 | ||
| 003 | BD-JhCC | ||
| 005 | 20171016173915.0 | ||
| 008 | 171016b1420 ii |||| |||| 000 0 ben d | ||
| 035 | _a(BD-JhCC)1195 | ||
| 040 |
_aBD-JhCC _dBD-JhCC |
||
| 041 | _aeng | ||
| 082 |
_a891.443 _bMIT 1420 |
||
| 100 | _aমিত্র, গজেন্দ্রকুমার | ||
| 245 |
_aপৌষ ফাগুনের পালা / _cগজেন্দ্রকুমার মিত্র |
||
| 260 |
_aকলকাতা, ভারত: _bমিত্র ও ঘোষ পাবলিশার্স , _c১৪২০. |
||
| 300 |
_a৪৯৮ পৃ. : _c২২ সেমি. |
||
| 650 | _aBengali Novel | ||
| 942 |
_2ddc _cBK |
||